British Birds by Letter - S #2 - Statistics

General Stats
  • This quiz has been taken 8 times
  • The average score is 13 of 16
Answer Stats
Picture Hint Answer % Correct
Cygnus columbianus (Bewick's) Swan
100%
Plectrophenax nivalis Snow Bunting
100%
Egretta thula Snowy Egret
100%
Bubo scandiacus Snowy Owl
100%
Passer hispaniolensis Spanish Sparrow
100%
Hirundo rustica Swallow
100%
Lanius collurio (Red-Tailed) Shrike
75%
Tadorna tadorna Shelduck
75%
Asio flammeus Short-Eared Owl
75%
Spatula clypeata Shoveler
75%
Alauda arvensis Skylark
75%
Mergellus albellus Smew
75%
Gallinago gallinago Snipe
75%
Apus apus Swift
75%
Loxia scotica Scottish Crossbill
50%
Curruca conspicillata Spectacled Warbler
25%
No matching quizzes found
Score Distribution
Percent of People with Each Score
Percentile by Number Answered
Your Score History
You have not taken this quiz